[Event "Titled Tuesday intern op 05th Sep Late"]
[Site "Chess.com INT"]
[Date "2023.09.05"]
[Round "5"]
[White "Chen, Minda"]
[Black "Hoffmann, Asa"]
[Result "1-0"]
[WhiteElo "1801"]
[BlackElo "2185"]
[PlyCount "117"]
[EventDate "2023.09.05"]
[EventType "swiss (blitz)"]
[EventRounds "11"]
[EventCountry "USA"]
[SourceTitle "EXT 2024"]
[Source "ChessBase"]
[SourceDate "2023.10.10"]
[SourceVersion "1"]
[SourceVersionDate "2023.10.10"]
[SourceQuality "1"]

1. d3 Nf6 2. Nc3 e5 3. g3 d5 4. Bg2 c6 5. Nf3 Bd6 6. 0-0 0-0 7. e4 d4 8. Ne2 c5 9. c3 Nc6 10. Ne1 Ne8 11. f4 f6 12. Qc2 Nc7 13. Nf3 Qe8 14. a3 a5 15. a4 Qh5 16. Rf2 Bg4 17. Qb3+ Qf7 18. Qc2 Rfc8 19. Bd2 Rab8 20. fxe5 Bxe5 21. cxd4 Bxf3 22. dxe5 Bxe2 23. exf6 Bh5 24. fxg7 Qxg7 25. Qxc5 Bf7 26. Bc3 Ne6 27. Qf5 Qg6 28. Qf3 Ncd4 29. Qe3 Rd8 30. Raf1 Rd7 31. Bh3 Re8 32. Bxd4 Rxd4 33. Bxe6 Rxe6 34. Qxd4 Re7 35. Qd8+ Re8 36. Qd4 Re7 37. Rf6 Qg4 38. Qd8+ Re8 39. Qd6 Re6 40. Qd7 Rxf6 41. Qd8+ Kg7 42. Qxf6+ Kg8 43. Qxf7+ Kh8 44. Qf8+ Qg8 45. Qxg8+ Kxg8 46. Rf5 Kg7 47. Rb5 Kf6 48. Rxb7 Ke6 49. Rb5 Kd6 50. Rxa5 Kc6 51. Rb5 Kc7 52. e5 Kc6 53. Rb3 Kd5 54. a5 Kxe5 55. a6 Kd4 56. a7 Ke3 57. a8Q Kd2 58. d4 Kc2 59. Rb6 1-0

[Event "Titled Tuesday intern op 05th Sep Late"]
[Site "Chess.com INT"]
[Date "2023.09.05"]
[Round "6"]
[White "Garcia Lemos, Federico"]
[Black "Chen, Minda"]
[Result "1-0"]
[WhiteElo "2131"]
[BlackElo "1801"]
[PlyCount "55"]
[EventDate "2023.09.05"]
[EventType "swiss (blitz)"]
[EventRounds "11"]
[EventCountry "USA"]
[SourceTitle "EXT 2024"]
[Source "ChessBase"]
[SourceDate "2023.10.10"]
[SourceVersion "1"]
[SourceVersionDate "2023.10.10"]
[SourceQuality "1"]

1. Nf3 Nf6 2. g3 d5 3. Bg2 e6 4. 0-0 Be7 5. d3 0-0 6. Nbd2 c5 7. e4 Nc6 8. Re1 a6 9. e5 Nd7 10. Nf1 b5 11. h4 Bb7 12. Bf4 Rc8 13. Ne3 Re8 14. h5 Qc7 15. Nxd5 exd5 16. e6 Qd8 17. exd7 Qxd7 18. Kh2 h6 19. Bh3 f5 20. Ne5 Nxe5 21. Rxe5 Rf8 22. Qe2 Bd6 23. Re6 Bxf4 24. gxf4 d4 25. Rg1 Rc7 26. Qe5 Rf7 27. Bxf5 Rc8 28. Bg6 1-0

[Event "Titled Tuesday intern op 05th Sep Late"]
[Site "Chess.com INT"]
[Date "2023.09.05"]
[Round "10"]
[White "Gazineu Neto, Rubens"]
[Black "Chen, Minda"]
[Result "0-1"]
[WhiteElo "1912"]
[BlackElo "1801"]
[PlyCount "56"]
[EventDate "2023.09.05"]
[EventType "swiss (blitz)"]
[EventRounds "11"]
[EventCountry "USA"]
[SourceTitle "EXT 2024"]
[Source "ChessBase"]
[SourceDate "2023.10.10"]
[SourceVersion "1"]
[SourceVersionDate "2023.10.10"]
[SourceQuality "1"]

1. e4 c5 2. Nf3 e6 3. d4 cxd4 4. Nxd4 a6 5. c4 Qc7 6. Bd3 Nf6 7. 0-0 Nc6 8. Be3 Be7 9. Nc3 h5 10. f4 Ng4 11. Qf3 Nxe3 12. Qxe3 Nxd4 13. Kh1 Nc6 14. f5 Bf6 15. fxe6 dxe6 16. Rae1 Ne5 17. Qg3 Qc5 18. Bc2 Bd7 19. Na4 Qb4 20. a3 Qa5 21. b4 Qc7 22. Nc5 Bc6 23. Ba4 0-0 24. Rxf6 Bxa4 25. Nxa4 h4 26. Qg5 Qe7 27. Qxe5 Qxf6 28. Nb6 Qxe5 0-1

[Event "Titled Tuesday intern op 22nd Aug Early"]
[Site "Chess.com INT"]
[Date "2023.08.22"]
[Round "4"]
[White "Chen, Minda"]
[Black "Nilsen, Tobias Lang"]
[Result "0-1"]
[WhiteElo "1801"]
[BlackElo "2219"]
[PlyCount "54"]
[EventDate "2023.08.22"]
[EventType "swiss (blitz)"]
[EventRounds "11"]
[EventCountry "USA"]
[SourceTitle "EXT 2024"]
[Source "ChessBase"]
[SourceDate "2023.10.10"]
[SourceVersion "1"]
[SourceVersionDate "2023.10.10"]
[SourceQuality "1"]

1. d4 d5 2. c4 c6 3. Nc3 Nf6 4. Nf3 dxc4 5. a4 Bf5 6. Ne5 Nbd7 7. Nxc4 Qc7 8. g3 e5 9. dxe5 Nxe5 10. Bf4 Nfd7 11. Bg2 g5 12. Ne3 gxf4 13. Nxf5 0-0-0 14. Qc2 fxg3 15. hxg3 a5 16. 0-0 h5 17. Rfd1 Ng4 18. Rac1 h4 19. Nxh4 Rxh4 20. gxh4 Bc5 21. Ne4 Bxf2+ 22. Nxf2 Qh2+ 23. Kf1 Ne3+ 24. Ke1 Nxg2+ 25. Kd2 Qf4+ 26. Kc3 Qb4+ 27. Kd3 Nc5# 0-1

[Event "Titled Tuesday intern op 22nd Aug Early"]
[Site "Chess.com INT"]
[Date "2023.08.22"]
[Round "5"]
[White "Rodriguez Fontecha, Marcos"]
[Black "Chen, Minda"]
[Result "1-0"]
[WhiteElo "2309"]
[BlackElo "1801"]
[PlyCount "55"]
[EventDate "2023.08.22"]
[EventType "swiss (blitz)"]
[EventRounds "11"]
[EventCountry "USA"]
[SourceTitle "EXT 2024"]
[Source "ChessBase"]
[SourceDate "2023.10.10"]
[SourceVersion "1"]
[SourceVersionDate "2023.10.10"]
[SourceQuality "1"]

1. e4 c5 2. Nc3 a6 3. f4 g6 4. Nf3 Bg7 5. a3 d6 6. Bc4 Nf6 7. d3 0-0 8. 0-0 b5 9. Ba2 Bb7 10. Qe1 Nc6 11. Qh4 Rc8 12. f5 b4 13. axb4 cxb4 14. Ne2 Qb6+ 15. Kh1 Ne5 16. Nxe5 dxe5 17. Bb3 Rfd8 18. Bg5 Bc6 19. Ng1 a5 20. Nf3 a4 21. Bc4 Qb8 22. Bh6 Bh8 23. fxg6 hxg6 24. Ng5 Be8 25. Bf8 e6 26. Be7 Nh5 27. Bxd8 Rxd8 28. g4 1-0

[Event "Titled Tuesday intern op 22nd Aug Early"]
[Site "Chess.com INT"]
[Date "2023.08.22"]
[Round "2"]
[White "Rozhkov, Viacheslav"]
[Black "Chen, Minda"]
[Result "0-1"]
[WhiteElo "2145"]
[BlackElo "1801"]
[PlyCount "48"]
[EventDate "2023.08.22"]
[EventType "swiss (blitz)"]
[EventRounds "11"]
[EventCountry "USA"]
[SourceTitle "EXT 2024"]
[Source "ChessBase"]
[SourceDate "2023.10.10"]
[SourceVersion "1"]
[SourceVersionDate "2023.10.10"]
[SourceQuality "1"]

1. e4 c5 2. Nf3 e6 3. d4 cxd4 4. Nxd4 a6 5. Bd3 Qc7 6. 0-0 Nf6 7. c4 Nc6 8. Nxc6 dxc6 9. Qe2 e5 10. Nc3 Be6 11. Be3 Ng4 12. Bd2 Bc5 13. h3 Nf6 14. Be3 Be7 15. Rad1 0-0 16. f4 exf4 17. Bxf4 Qb6+ 18. Kh1 Qa5 19. e5 Nd7 20. Rde1 Rfd8 21. b4 Bxb4 22. Ne4 Bxe1 23. Ng5 Nf8 24. Rxe1 Rxd3 0-1

[Event "Titled Tuesday intern op 04th Oct Late"]
[Site "Chess.com INT"]
[Date "2022.10.04"]
[Round "1"]
[White "Aldokhin, Ivan"]
[Black "Chen, Minda"]
[Result "1-0"]
[WhiteElo "2413"]
[BlackElo "1802"]
[PlyCount "55"]
[EventDate "2022.10.04"]
[EventType "swiss (blitz)"]
[EventRounds "11"]
[EventCountry "USA"]
[SourceTitle "EXT 2023"]
[Source "ChessBase"]
[SourceDate "2022.10.05"]
[SourceVersion "1"]
[SourceVersionDate "2022.10.05"]
[SourceQuality "1"]

1. e4 c5 2. Nf3 e6 3. d4 cxd4 4. Nxd4 a6 5. Nc3 Qc7 6. Bd3 Nf6 7. Qe2 d6 8. Bd2 Be7 9. 0-0 b5 10. a4 b4 11. Na2 a5 12. c3 bxc3 13. Nxc3 Bb7 14. Rac1 Qd8 15. Ncb5 Na6 16. Nc6 Qd7 17. Nxe7 Qxe7 18. Bxa5 0-0 19. b4 d5 20. e5 Nd7 21. Nd6 Ndb8 22. Qe3 d4 23. Qxd4 Nc6 24. Qe4 g6 25. Rxc6 Bxc6 26. Qxc6 Nb8 27. Qxa8 Nd7 28. Qb7 1-0

[Event "Titled Tuesday intern op 20th Sep Early"]
[Site "Chess.com INT"]
[Date "2022.09.20"]
[Round "10"]
[White "Mitrovic, Darko R"]
[Black "Chen, Minda"]
[Result "1/2-1/2"]
[WhiteElo "2223"]
[BlackElo "1802"]
[PlyCount "126"]
[EventDate "2022.09.20"]
[EventType "swiss (blitz)"]
[EventRounds "11"]
[EventCountry "USA"]
[SourceTitle "EXT 2023"]
[Source "ChessBase"]
[SourceDate "2022.10.05"]
[SourceVersion "1"]
[SourceVersionDate "2022.10.05"]
[SourceQuality "1"]

1. d4 Nf6 2. c4 e6 3. Nf3 d5 4. g3 Be7 5. Bg2 0-0 6. 0-0 dxc4 7. Ne5 Nc6 8. Nxc6 bxc6 9. Bxc6 Rb8 10. Nc3 Bb7 11. Bxb7 Rxb7 12. e3 c5 13. dxc5 Bxc5 14. Qxd8 Rxd8 15. Rd1 Rbd7 16. Rxd7 Rxd7 17. Kf1 Ng4 18. h3 Ne5 19. Ke2 Rb7 20. Rb1 f5 21. Bd2 Kf7 22. Na4 Be7 23. Bc3 Bf6 24. Bd4 Nc6 25. Bxf6 Kxf6 26. Nc3 Ke5 27. Kd2 Nb4 28. b3 Rd7+ 29. Ke2 cxb3 30. Rxb3 a5 31. a3 Nc6 32. Rb5+ Kf6 33. Na4 Rd6 34. Nb6 g5 35. Nc4 Rd5 36. Rxd5 exd5 37. Nb6 Ke5 38. Kd3 f4 39. exf4+ gxf4 40. g4 Kd6 41. g5 Ne5+ 42. Ke2 Nf7 43. h4 Ne5 44. h5 Ke6 45. Na4 Nf7 46. Nc5+ Kf5 47. g6 hxg6 48. hxg6 Kxg6 49. Nb7 Kf5 50. Nxa5 Ke4 51. Nc6 f3+ 52. Kd2 Nd6 53. a4 Nc4+ 54. Ke1 d4 55. a5 Kd5 56. Nb4+ Kc5 57. Nd3+ Kb5 58. Kd1 Kxa5 59. Ne1 Kb4 60. Nxf3 Kc5 61. Nxd4 Kxd4 62. f4 Ke4 63. f5 Kxf5 1/2-1/2

[Event "Vancouver op"]
[Site "Chess.com INT"]
[Date "2020.07.25"]
[Round "?"]
[White "Chen, Minda"]
[Black "Zhang, Michelle"]
[Result "1-0"]
[WhiteElo "1966"]
[BlackElo "1267"]
[PlyCount "45"]
[EventDate "2020.07.25"]
[EventType "swiss"]
[EventRounds "5"]
[EventCountry "USA"]
[SourceTitle "EXT 2023"]
[Source "ChessBase"]
[SourceDate "2022.10.05"]
[SourceVersion "1"]
[SourceVersionDate "2022.10.05"]
[SourceQuality "1"]

1. d4 d5 2. c4 e6 3. Nc3 Nf6 4. Nf3 c6 5. e3 Nbd7 6. Bd3 Be7 7. 0-0 0-0 8. a3 Qc7 9. b4 b6 10. Bb2 Bb7 11. cxd5 exd5 12. Rc1 Qd8 13. Ne2 Rc8 14. Qa4 Qc7 15. Ng3 Ba8 16. Nf5 Bd8 17. Ne5 Nxe5 18. dxe5 Nd7 19. f4 h6 20. Qd1 f6 21. Qg4 Nb8 22. Qg6 Kh8 23. Nd6 1-0

[Event "Seattle Seafair op"]
[Site "Chess.com INT"]
[Date "2020.07.18"]
[Round "?"]
[White "Chen, Minda"]
[Black "Shapiro, Michael1111"]
[Result "1-0"]
[WhiteElo "1802"]
[BlackElo "1502"]
[PlyCount "171"]
[EventDate "2020.07.18"]
[EventType "swiss"]
[EventRounds "5"]
[EventCountry "NET"]
[SourceTitle "EXT 2023"]
[Source "ChessBase"]
[SourceDate "2022.10.05"]
[SourceVersion "1"]
[SourceVersionDate "2022.10.05"]
[SourceQuality "1"]

1. d4 d5 2. c4 c6 3. Nc3 Nf6 4. Nf3 dxc4 5. a4 Bf5 6. Ne5 Nbd7 7. Nxc4 Qc7 8. g3 e5 9. dxe5 Nxe5 10. Bf4 Nfd7 11. Bg2 h6 12. Qd4 f6 13. Ne4 Bxe4 14. Bxe4 Bc5 15. Bxe5 Qxe5 16. Bg6+ Ke7 17. Nxe5 Bxd4 18. Nxd7 Bxb2 19. Rb1 Bc3+ 20. Kd1 Kxd7 21. Rxb7+ Kd6 22. Kc2 Ba5 23. Rxg7 Rhg8 24. Rxg8 Rxg8 25. Be4 Rb8 26. Rd1+ Kc5 27. Rc1 Kd6 28. Rd1+ Kc5 29. Rd3 Re8 30. Bf3 Re6 31. Rd7 Kb4 32. Rxa7 Kxa4 33. Rb7 c5 34. Bg4 Re4 35. Bd7+ Ka3 36. e3 Rc4+ 37. Kd3 Rc3+ 38. Ke4 Rc2 39. f4 Rxh2 40. Bf5 c4 41. Kf3 c3 42. Rf7 Bd8 43. Rd7 Rd2 44. Rh7 c2 45. Bxc2 Rxc2 46. Rxh6 Kb2 47. Rh8 Be7 48. Re8 Bb4 49. Rb8 Ka3 50. Rb6 Bc3 51. g4 Ka4 52. Ke4 Ka5 53. Rb3 Ka4 54. Rb7 Ka5 55. Kd3 Rc1 56. Rc7 Kb4 57. Rb7+ Kc5 58. Rb3 Bb4 59. Ke4 Kc4 60. Rd3 Rg1 61. Rd4+ Kb3 62. Kf5 Bc3 63. Re4 Rg2 64. Re6 Rg3 65. e4 Kc4 66. Rc6+ Kd4 67. Rd6+ Kc5 68. Re6 Kd4 69. Rxf6 Re3 70. e5 Kd5 71. Rd6+ Kc5 72. Rd8 Ba5 73. Rd1 Kc6 74. Kf6 Re4 75. Kf5 Re3 76. g5 Bb4 77. g6 Rg3 78. Kf6 Bf8 79. f5 Bh6 80. e6 Bg5+ 81. Kf7 Bh6 82. e7 Re3 83. e8Q+ Rxe8 84. Kxe8 Bg7 85. Kf7 Be5 86. f6 1-0

[Event "Seattle Seafair op"]
[Site "Chess.com INT"]
[Date "2020.07.18"]
[Round "3"]
[White "Petrosyan, Tigran S"]
[Black "Chen, Minda"]
[Result "1-0"]
[WhiteElo "2452"]
[BlackElo "1802"]
[PlyCount "73"]
[EventDate "2020.07.18"]
[EventType "swiss"]
[EventRounds "5"]
[EventCountry "NET"]
[SourceTitle "EXT 2023"]
[Source "ChessBase"]
[SourceDate "2022.10.05"]
[SourceVersion "1"]
[SourceVersionDate "2022.10.05"]
[SourceQuality "1"]

1. Nf3 Nf6 2. c4 e6 3. Nc3 d5 4. d4 Be7 5. Bf4 0-0 6. e3 Nbd7 7. c5 c6 8. h3 a5 9. a3 Re8 10. b4 Ne4 11. Nxe4 dxe4 12. Nd2 f5 13. Nc4 b6 14. cxb6 Nxb6 15. Nxa5 Qd7 16. Qd2 Nd5 17. Be5 Ba6 18. Bxa6 Rxa6 19. 0-0 Rea8 20. Rfc1 Kf7 21. Rc2 Bd8 22. Nc4 Kg8 23. Rac1 Ne7 24. Bg3 Qb7 25. Bh4 h6 26. Bxe7 Qxe7 27. Ne5 Rxa3 28. Rxc6 R3a4 29. b5 Kh7 30. Qc3 Ra2 31. Qb3 Ra1 32. Rxa1 Rxa1+ 33. Kh2 Qh4 34. Qxe6 Qxf2 35. Qg6+ Kg8 36. Qe8+ Kh7 37. Rxh6+ 1-0

[Event "Clark Harmon Memorial"]
[Site "Chess.com INT"]
[Date "2020.04.05"]
[Round "?"]
[White "Chen, Minda"]
[Black "Goktepe, Derin"]
[Result "0-1"]
[WhiteElo "1966"]
[BlackElo "1912"]
[PlyCount "66"]
[EventDate "2020.04.04"]
[EventType "swiss"]
[EventRounds "6"]
[EventCountry "USA"]
[SourceTitle "EXT 2024"]
[Source "ChessBase"]
[SourceDate "2023.10.10"]
[SourceVersion "1"]
[SourceVersionDate "2023.10.10"]
[SourceQuality "1"]

1. d4 Nf6 2. c4 e6 3. Nc3 Bb4 4. Qc2 b6 5. a3 Bxc3+ 6. Qxc3 Bb7 7. f3 d5 8. Be3 Nbd7 9. Bf2 Rc8 10. cxd5 exd5 11. b4 Qe7 12. Rc1 Ba6 13. e3 Bxf1 14. Kxf1 0-0 15. b5 Rfd8 16. Ne2 Nf8 17. Nf4 Ne6 18. Nd3 c5 19. bxc6 Rd6 20. Qb4 Qf8 21. Qa4 Qe8 22. Ne5 Nd8 23. Qxa7 Nxc6 24. Qb7 Ne7 25. Rxc8 Nxc8 26. Ke2 Qb5+ 27. Nd3 Rd8 28. Rc1 Nd6 29. Qe7 Rd7 30. Qe5 h6 31. Bh4 Nc4 32. Qf5 Re7 33. e4 Nd6 0-1

[Event "Clark Harmon Memorial"]
[Site "Chess.com INT"]
[Date "2020.04.05"]
[Round "?"]
[White "Chen, Minda"]
[Black "Szeto, Sophie"]
[Result "1-0"]
[WhiteElo "1966"]
[BlackElo "1496"]
[PlyCount "67"]
[EventDate "2020.04.04"]
[EventType "swiss"]
[EventRounds "6"]
[EventCountry "USA"]
[SourceTitle "EXT 2024"]
[Source "ChessBase"]
[SourceDate "2023.10.10"]
[SourceVersion "1"]
[SourceVersionDate "2023.10.10"]
[SourceQuality "1"]

1. d4 d5 2. c4 e6 3. Nc3 Nf6 4. Nf3 Be7 5. Bf4 0-0 6. e3 Nbd7 7. Bd3 b6 8. cxd5 exd5 9. 0-0 Bb7 10. Rc1 c5 11. h3 Ne4 12. dxc5 bxc5 13. Bxe4 dxe4 14. Nd2 f5 15. Qb3+ c4 16. Qxb7 Nb6 17. Rfd1 Qe8 18. Nd5 Nxd5 19. Qxd5+ Kh8 20. Nxc4 Rd8 21. Qb7 Bf6 22. Rxd8 Qxd8 23. Nd6 Qa8 24. Qxa8 Rxa8 25. b3 a6 26. Nxf5 Kg8 27. Nd6 Kf8 28. Rc8+ Rxc8 29. Nxc8 Ke8 30. Nd6+ Kd7 31. Nxe4 Be7 32. Be5 Bf8 33. Bd4 Kc6 34. Ng5 1-0

[Event "Pan American-ch U16 Girls"]
[Site "Guayaquil"]
[Date "2019.07.27"]
[Round "9"]
[White "Caicedo Loor, Keyra Isabel"]
[Black "Chen, Minda"]
[Result "0-1"]
[WhiteElo "1518"]
[BlackElo "1944"]
[PlyCount "36"]
[EventDate "2019.07.21"]
[EventType "swiss"]
[EventRounds "9"]
[EventCountry "ECU"]
[SourceTitle "EXT 2021"]
[Source "ChessBase"]
[SourceDate "2020.10.23"]
[SourceVersion "1"]
[SourceVersionDate "2020.10.23"]
[SourceQuality "1"]

1. e4 c5 2. Nc3 e6 3. g3 d5 4. exd5 exd5 5. d4 cxd4 6. Qxd4 Nf6 7. Bg5 Nc6 8. Qa4 d4 9. 0-0-0 Be7 10. Bg2 Bd7 11. Nce2 0-0 12. a3 Rc8 13. Qb3 Bf5 14. Rd2 d3 15. Nf3 Na5 16. Qb5 Rc5 17. Qa4 b5 18. Qf4 Nb3+ 0-1

[Event "Pan American-ch U16 Girls"]
[Site "Guayaquil"]
[Date "2019.07.24"]
[Round "6"]
[White "Alvarez Dominguez, Hellen Melissa"]
[Black "Chen, Minda"]
[Result "1-0"]
[WhiteElo "1428"]
[BlackElo "1944"]
[PlyCount "120"]
[EventDate "2019.07.21"]
[EventType "swiss"]
[EventRounds "9"]
[EventCountry "ECU"]
[SourceTitle "EXT 2020"]
[Source "ChessBase"]
[SourceDate "2019.10.17"]
[SourceVersion "1"]
[SourceVersionDate "2019.10.17"]
[SourceQuality "1"]

1. e4 c5 2. Nf3 e6 3. d4 cxd4 4. Nxd4 a6 5. c4 Nf6 6. Nc3 Qc7 7. Be2 Bb4 8. f3 d5 9. Qa4+ Nc6 10. cxd5 exd5 11. Bd2 Bxc3 12. Bxc3 Bd7 13. exd5 Ne7 14. Qb3 0-0 15. 0-0 Nexd5 16. Rac1 Qe5 17. Rfe1 Qg5 18. Bf1 Rfc8 19. Ne2 Nxc3 20. Nxc3 b5 21. Qd1 Bc6 22. Qe2 Re8 23. Qf2 h5 24. Ne2 Bb7 25. Qg3 Qd2 26. Qc7 Bd5 27. Qc3 Qg5 28. a3 Rac8 29. Qd4 Bxf3 30. Rxc8 Rxc8 31. Ng3 Bc6 32. Re5 Qg4 33. Qxg4 hxg4 34. Nf5 Rc7 35. Rc5 Nd5 36. Be2 g6 37. Nd4 Bb7 38. Rxc7 Nxc7 39. Bxg4 Kg7 40. Kf2 Kf6 41. Bf3 Bxf3 42. Kxf3 Ke5 43. Nc6+ Kd6 44. Nb4 a5 45. Nd3 Kd5 46. Ke3 Ne6 47. b3 g5 48. g3 Ng7 49. Nf2 Nf5+ 50. Kd3 Nd6 51. Nd1 Ke5 52. Ne3 f5 53. Ng2 f4 54. gxf4+ gxf4 55. Nh4 Nb7 56. Nf3+ Kd5 57. b4 Nd6 58. Nd2 a4 59. h4 Ke5 60. h5 Nf5 1-0

[Event "Washington State-chB"]
[Site "Redmond"]
[Date "2019.02.23"]
[Round "6"]
[White "Chen, Minda"]
[Black "Frantz, Joseph"]
[Result "0-1"]
[WhiteElo "1904"]
[BlackElo "1930"]
[PlyCount "70"]
[EventDate "2019.02.16"]
[EventType "tourn"]
[EventRounds "9"]
[EventCountry "USA"]
[SourceTitle "EXT 2023"]
[Source "ChessBase"]
[SourceDate "2022.10.05"]
[SourceVersion "1"]
[SourceVersionDate "2022.10.05"]
[SourceQuality "1"]

1. d4 d5 2. c4 c6 3. Nc3 Nf6 4. Nf3 a6 5. a4 g6 6. h3 Bg7 7. Bf4 0-0 8. e3 Bf5 9. Nh4 Be6 10. Nf3 dxc4 11. Ng5 Qc8 12. a5 Nd5 13. Na4 h6 14. Nxe6 Qxe6 15. Bxc4 Nd7 16. 0-0 Qf6 17. Bh2 Qg5 18. Qb3 Ra7 19. Kh1 Kh7 20. Rae1 e6 21. f4 Qd8 22. e4 Qxa5 23. exd5 b5 24. dxe6 bxa4 25. Qd3 fxe6 26. Rxe6 Rf6 27. Rfe1 Rxe6 28. Rxe6 Nf6 29. Rxc6 Rd7 30. Rxa6 Qe1+ 31. Bg1 Ne4 32. Kh2 h5 33. Qe3 Qxe3 34. Bxe3 h4 35. Bd3 Bxd4 0-1

[Event "Washington State-chB"]
[Site "Redmond"]
[Date "2019.02.16"]
[Round "1"]
[White "Chen, Minda"]
[Black "Abramson, Dan"]
[Result "1-0"]
[WhiteElo "1904"]
[BlackElo "1926"]
[PlyCount "79"]
[EventDate "2019.02.16"]
[EventType "tourn"]
[EventRounds "9"]
[EventCountry "USA"]
[SourceTitle "EXT 2023"]
[Source "ChessBase"]
[SourceDate "2022.10.05"]
[SourceVersion "1"]
[SourceVersionDate "2022.10.05"]
[SourceQuality "1"]

1. d4 Nf6 2. c4 e6 3. Nc3 c5 4. d5 exd5 5. cxd5 d6 6. g3 g6 7. Bg2 Bg7 8. e4 0-0 9. Nge2 Re8 10. Qc2 Na6 11. 0-0 Rb8 12. a4 Nb4 13. Qb1 b6 14. Na2 Nbxd5 15. Nec3 Qe7 16. Qd3 Nc7 17. Bf4 Rd8 18. Rfd1 Nfe8 19. Re1 g5 20. Be3 Ba6 21. Qd2 h6 22. Rad1 b5 23. axb5 Bxb5 24. b4 Bc4 25. bxc5 Bxa2 26. Nxa2 dxc5 27. Qc1 Ne6 28. Nc3 Nd4 29. Nd5 Qd6 30. f4 gxf4 31. Bxf4 Qf8 32. Bxb8 Rxb8 33. Qf4 Rb2 34. Kh1 Nd6 35. e5 Nc4 36. Nf6+ Kh8 37. Qe4 Bxf6 38. exf6 Nd2 39. Qf4 N2b3 40. Re8 1-0

[Event "Washington State-chB"]
[Site "Redmond"]
[Date "2019.02.16"]
[Round "2"]
[White "Chen, Minda"]
[Black "Perestjuk, Marko"]
[Result "0-1"]
[WhiteElo "1904"]
[BlackElo "2140"]
[PlyCount "68"]
[EventDate "2019.02.16"]
[EventType "tourn"]
[EventRounds "9"]
[EventCountry "USA"]
[SourceTitle "EXT 2023"]
[Source "ChessBase"]
[SourceDate "2022.10.05"]
[SourceVersion "1"]
[SourceVersionDate "2022.10.05"]
[SourceQuality "1"]

1. d4 d5 2. c4 e6 3. Nc3 c6 4. Nf3 dxc4 5. a4 Bb4 6. e3 b5 7. Bd2 a5 8. axb5 Bxc3 9. Bxc3 cxb5 10. b3 Bb7 11. bxc4 b4 12. Bb2 Nf6 13. Bd3 0-0 14. 0-0 Ne4 15. Nd2 Nxd2 16. Qxd2 Nd7 17. Bc2 Qc7 18. Rfc1 Rfd8 19. Qd3 f5 20. Qe2 Nb6 21. Bd3 a4 22. Rab1 Rdb8 23. e4 fxe4 24. Bxe4 Bxe4 25. Qxe4 Qf7 26. Qd3 Qf5 27. Qd1 Rc8 28. Ba1 b3 29. c5 Nd5 30. Qe2 Rcb8 31. g4 Qg6 32. Qf3 Rf8 33. Qg3 Nf4 34. Re1 Ne2+ 0-1